Understanding the community management of high risk offenders

Bibliographic Details
Main Author: Kemshall, Hazel, 1958-
Corporate Author: ProQuest (Firm)
Format: Electronic eBook
Language:English
Published: Maidenhead ; New York : Open University Press, c2008.
Series:Crime and justice (Buckingham, England)
Subjects:
Online Access:Click to View
LEADER 01592nam a2200433Ia 4500
001 EBC409765
003 MiAaPQ
005 20200520144314.0
006 m o d |
007 cr cn|||||||||
008 080715s2008 enk sb 001 0 eng d
020 |z 9780335219995 
020 |z 0335219993 
020 |z 0335219985 
020 |z 9780335219988 
035 |a (MiAaPQ)EBC409765 
035 |a (Au-PeEL)EBL409765 
035 |a (CaPaEBR)ebr10274039 
035 |a (CaONFJC)MIL195312 
035 |a (OCoLC)476231418 
040 |a MiAaPQ  |c MiAaPQ  |d MiAaPQ 
050 4 |a HV6556  |b .K46 2008 
100 1 |a Kemshall, Hazel,  |d 1958- 
245 1 0 |a Understanding the community management of high risk offenders  |h [electronic resource] /  |c Hazel Kemshall. 
260 |a Maidenhead ;  |a New York :  |b Open University Press,  |c c2008. 
300 |a xiv, 170 p. 
490 1 |a Crime and justice 
504 |a Includes bibliographical references (p. [136]-163) and index. 
533 |a Electronic reproduction. Ann Arbor, MI : ProQuest, 2015. Available via World Wide Web. Access may be limited to ProQuest affiliated libraries. 
650 0 |a Sex offenders. 
650 0 |a Sex crimes  |x Risk assessment. 
650 0 |a Sex offenders  |x Rehabilitation. 
650 0 |a Sex crimes  |x Prevention. 
650 0 |a Sex offenders  |x Mental health. 
650 0 |a Sex offenders  |x Mental health services. 
655 4 |a Electronic books. 
710 2 |a ProQuest (Firm) 
830 0 |a Crime and justice (Buckingham, England) 
856 4 0 |u https://ebookcentral.proquest.com/lib/matrademy/detail.action?docID=409765  |z Click to View